000 01077nam a22003130a 4500
001 PT2908
003 AR-LpoUNG
005 20210131230859.0
008 191001s1996||||sp |||||||||||||||||spa d
020 _a8474237165
_c$14
040 _aAR-LpoUNG
_bspa
_cAR-LpoUNG
_eaacr
041 _aspa
044 _asp
082 0 _a980.033 628am
100 1 _aSkidmore, Thomas E.
245 1 0 _aHistoria contemporánea de América Latina :
_bAmérica Latina en el siglo XX
250 _a1ª edición
260 _aBarcelona :
_bCrítica,
_c1996.
300 _a490 p. :
_bil.
520 _aEl presente trabajo esta centrado en el siglo XX, y alterna visiones globales con los estudios concretos dedicados a los principales paises. Permite inclusive considerar problemas de rigurosa actualidad, tales como libre comercio, narcotráfico o la migración ilegal.
650 4 _aAMERICA LATINA
650 4 _aHISTORIA
650 4 _aHISTORIA POLITICA
650 4 _aHISTORIA SOCIAL
651 4 _aAmérica Latina
700 1 _aSmith, Peter H.
905 _a2908
942 _cLIB
999 _c6696
_d6696